000 00804nam a22002777a 4500
001 9191
003 FISKH
005 20251128091735.0
008 251128b cb ||||| |||| 00| 0 eng d
020 _a9780439611947
040 _aFISKH
_beng
_cFISKH
_dFISKH
050 _aQK649 .Z64
082 _a575.57
100 _aZoehfeld, Kathleen Weidner
_eAuthor
245 _aFall leaves change colors /
_cKathleen Weidner Zoehfeld
260 _aNew York :
_bScholastic ,
_c2001
300 _a32 pages :
_bcolor illustrations ;
_c23 cm
505 _aJ
520 _aPhotographs and text explain how and why leaves change color in the autumn.
521 8 _a500
_bLexile
521 8 _aJ
_bRaz-Plus
650 _aAutumn
_vFall
650 _aScience
_vSeasons
942 _2ddc
_cBK
_n0
999 _c9191
_d9191